Where Various Immigrant Groups Settle in the US - 1 - Statistics

General Stats
  • This quiz has been taken 39 times
  • The average score is 9 of 43
Answer Stats
Country of Origin State Metro Area % Correct
Ireland MA Boston
90%
Korea CA Los Angeles
80%
Korea HI Honolulu
73%
China CA San Francisco
73%
China CA San Jose
70%
India CA San Jose
70%
Portugal RI Providence
67%
Croatia OH Cleveland
47%
Sudan MN Rochester
37%
Laos CA Fresno
33%
Ireland CT Bridgeport
30%
Netherlands MI Grand Rapids
27%
India NJ Trenton
27%
Croatia SD Sioux Falls
23%
Australia OR Bend
13%
Syria PA Allentown-Bethlehem
10%
Ireland MA Barnstable Town
10%
Norway MT Great Falls
10%
Sudan IA Iowa City
10%
China NY Ithaca
10%
Laos WI Sheboygan
10%
Bosnia NY Utica-Rome
10%
Myanmar NY Utica-Rome
10%
Bosnia IA Waterloo-Cedar Falls
10%
Laos WI Wausau
10%
Australia MI Ann Arbor
7%
Portugal CA Merced
7%
India CA Yuba City
7%
Korea AL Auburn-Opelika
3%
Myanmar MI Battle Creek
3%
Netherlands WA Bellingham
3%
Bosnia KY Bowling Green
3%
Croatia VA Charlottesville
3%
Norway CA Chico
3%
Germany OK Lawton
3%
United Kingdom FL Punta Gorda
3%
Syria MN St Cloud
3%
United Kingdom FL The Villages
3%
United Kingdom FL Vero Beach-Sebastian
3%
Germany GA Hinesville
0%
Myanmar NC New Bern
0%
Germany AZ Sierra Vista-Douglas
0%
Sudan MO St Joseph
0%
No matching quizzes found
Score Distribution
Percent of People with Each Score
Percentile by Number Answered
Your Score History
You have not taken this quiz